00645nam a2200229Ia 4500001000600000003000900006008004100015040001300056040001300069041001300082100001400095100002900109245004100138245004000179250001100219260001200230260001200242260004900254300005700303650002400360650003100384 3386IT-RoPAU130308s9999 xx 000 0 und d aIT-RoPAU cIT-RoPAU aITALIANO aMarx Karl gCodice Aut. SPICS: 4072 aBisogno, scambio, possesso esclusivo bConsumismo e Societa' Contemporanea a1a ed. aFIRENZE bSansoni c1975 [1° Ed.:1975 - Ed.Ling.Originale:1845] a"6 p. (prefazione: no ; testo: 6 [pagine: 277-282])" aSAGGI DI SOCIOLOGIA eCodice materia Spics: 3657